Funeral vigilado: la despedida a Pablo Neruda
Uloženo v:
| Hlavní autor: | |
|---|---|
| Médium: | Kniha |
| Jazyk: | španělština |
| Vydáno: |
Santiago
LOM
2003
|
| Vydání: | 1a. ed |
| Edice: | Colección Septiembre
|
| Témata: | |
| Tagy: |
Přidat tag
Žádné tagy, Buďte první, kdo vytvoří štítek k tomuto záznamu!
|
MARC
| LEADER | 00000nam a2200000 a 4500 | ||
|---|---|---|---|
| 001 | UCL6876 | ||
| 003 | CL-VaPUC | ||
| 005 | 20240924105139.0 | ||
| 008 | 040423e20030000CL |||||||||||||||||spa|d | ||
| 999 | |c 308760 |d 308758 | ||
| 020 | |a 9562825108 | ||
| 040 | |c Pontificia Universidad Católica de Valparaíso | ||
| 082 | 0 | 4 | |a Ch860.92 |b VIL |2 21 |
| 100 | 0 | |a Villegas, Sergio |e author |9 484540 | |
| 245 | 1 | 0 | |a Funeral vigilado: la despedida a Pablo Neruda |
| 250 | |a 1a. ed | ||
| 260 | |a Santiago |b LOM |c 2003 | ||
| 300 | |a 73 p | ||
| 490 | 0 | |a Colección Septiembre | |
| 583 | |a last modification |c 20040423 00:00:00 |k Rodrigo Vera | ||
| 600 | 0 | |a Neruda, Pablo, |d 1904-1973 |e autor |9 471955 | |
| 650 | 7 | |a CEREMONIAS FUNEBRES |2 CL-VaPUC |9 484541 | |
| 650 | 0 | |a Escritores chilenos |9 420370 | |
| 942 | |c BK |2 ddc | ||
| 945 | |d 20040423 00:00:00 |a cmena | ||
| 952 | |0 0 |1 0 |4 0 |6 CH_860_920000000000000_VIL_2003 |7 0 |8 A |9 375573 |a BIBCUR |b BIBCUR |d 2019-11-21 |i 4003985 |o Ch860.92 VIL 2003 |p 4003985 |r 2025-04-22 |w 2019-11-21 |y BK |k PER | ||